Statistics for Best Actress Oscar Winners by Photo (2019-2000)

Click here to take the quiz!

General Stats

  • This quiz has been taken 406 times
    (392 since last reset)
  • The average score is 16 of 19

Answer Stats

Answer% Correct
Jennifer Lawrence
94%
Meryl Streep
94%
Emma Stone
93%
Natalie Portman
92%
Sandra Bullock
92%
Julia Roberts
91%
Kate Winslet
88%
Nicole Kidman
88%
Halle Berry
87%
Reese Witherspoon
86%
Cate Blanchett
85%
Helen Mirren
81%
Charlize Theron
79%
Hilary Swank
78%
Julianne Moore
77%
Brie Larson
76%
Frances McDormand
70%
Olivia Colman
66%
Marion Cotillard
63%

Score Distribution

Percentile by Number Answered

Percent of People with Each Score

Your Score History

You have not taken this quiz since the last reset